La dama boba /
Na minha lista:
| Autor principal: | |
|---|---|
| Formato: | Livro |
| Idioma: | espanhol |
| Publicado em: |
Madrid, España :
Castilla,
1948, c1948
|
| Colecção: | (Biblioteca Clásica Castilla ;
5) |
| Assuntos: | |
| Tags: |
Sem tags, seja o primeiro a adicionar uma tag!
|
MARC
| LEADER | 00000nam^a2200000^a^4500 | ||
|---|---|---|---|
| 001 | 000128602 | ||
| 005 | 20250521000000.0 | ||
| 009 | 20260310094844.647 | ||
| 037 | |a Acervo ITESO - Biblioteca | ||
| 041 | |a ESP | ||
| 082 | |a 862. |b VEG | ||
| 100 | |a Vega, Lope de |e (autor) | ||
| 240 | 1 | 4 | |a [La dama boba] |
| 245 | 1 | 3 | |a La dama boba / |c L. de Vega ; ed., introd. y notas de Isidoro Montiel. |
| 264 | 4 | |a Madrid, España : |b Castilla, |c 1948, c1948 | |
| 300 | |a 227 p. | ||
| 336 | |a texto |b txt |2 rdacontenido | ||
| 337 | |a sin mediación |b n |2 rdamedio | ||
| 338 | |a volumen |b nc |2 rdasoporte | ||
| 440 | 1 | |a (Biblioteca Clásica Castilla ; |v 5) | |
| 545 | 0 | |a Lope de Vega, escritor español nacido en 1562 y muerto en 1635, es una de las figuras centrales del Siglo de Oro de las letras castellanas y autor de una monumental obra, extensa en su calidad, cantidad y diversidad de géneros. Aunque su prosa comprende importantes títulos como La Dorotea, y su lírica ofrece una rica intersección entre vida y literatura, Lope de Vega es reconocido sobre todo por su obra dramática. Considerado como un renovador del teatro, a contrapelo de las normas establecidas durante el Renacimiento, legó al patrimonio literario español más de 800 obras dramáticas que se le atribuyen, sin contar los géneros menores. El mejor alcalde, el rey; Peribáñez y el comendador de Ocaña; Fuenteovejuna; El caballero de Olmedo; El perro del hortelano; Los comendadores de Córdoba; El castigo sin venganza; El acero de Madrid; El villano en su rincón y Las bizarrías de Belisa integran tan sólo una muestra de las mejores creaciones del dramaturgo español. | |
| 649 | |a XX | ||
| 650 | |a Mujeres en la Literatura | ||
| 650 | |a Comedia Española | ||
| 650 | |a Teatro Español | ||
| 650 | |a Literatura Barroca - |z España | ||
| 650 | |a Literatura Española - |y Siglo XVII | ||
| 650 | |a Literatura Española - |y Epoca Clásica, 1500-1700 | ||
| 650 | |a Madrid, España en la Literatura | ||
| 910 | |a Fondo Salvador Reynoso Reynoso | ||
| 920 | |a Impresos - Libros | ||
| 930 | |a Fondos Especiales | ||
| 940 | |a Literatura | ||
| 905 | |a 112 | ||
| 901 | |a 0800010452 |b IT2 |c ESP |u 20250521 | ||
| 902 | |a https://opac.biblio.iteso.mx/vufind/Record/000128602 | ||